000 00530nam a2200205Ia 4500
003 OSt
005 20221007112556.0
006 a|||||r|||| 00| 0
007 ta
008 221006b |||||||| |||| 00| 0 eng d
024 _a28,867
037 _cBound Volume
040 _aLCO
_cLCO
_beng
041 _2eng
_aeng
245 0 _aALL INDIA REPORTER INDIA ASSAM
260 _aNagpur
_bAll India reporter ltd. India
_c1949
490 _v6911 56 -1969
942 _cCR
999 _c1198430
_d1198430